000 00655nam a2200253Ia 4500
003 OSt
005 20221007100949.0
006 a|||||r|||| 00| 0
007 ta
008 221006b |||||||| |||| 00| 0 eng d
024 _a5,552
037 _cTextual
040 _aLCO
_cLCO
_beng
041 _2eng
_aeng
082 _aZ, K8
100 _aERNST M L
_9702379
245 0 _aPrivacy
_b The right to be let alone.
260 _aLondon
_bMagibbon & Kee
_c1968
300 _a238
650 _aPRIVACY
_9702380
700 _a SCHWARTZ A U
_9702381
942 _hZ, K8
_cTEXL
999 _c1175115
_d1175115